30-minute therapy for anger : (Record no. 616)

MARC details
000 -LEADER
fixed length control field 00980cam a2200301 a 4500
005 - DATE AND TIME OF LATEST TRANSACTION
control field 20260322212027.0
008 - FIXED-LENGTH DATA ELEMENTS--GENERAL INFORMATION
fixed length control field data
010 ## - LIBRARY OF CONGRESS CONTROL NUMBER
LC control number 2011002585
020 ## - INTERNATIONAL STANDARD BOOK NUMBER
International Standard Book Number 9781608820290 (pbk.)
020 ## - INTERNATIONAL STANDARD BOOK NUMBER
International Standard Book Number 1608820297 (pbk.)
020 ## - INTERNATIONAL STANDARD BOOK NUMBER
International Standard Book Number 9781608820306 (pdf ebook)
020 ## - INTERNATIONAL STANDARD BOOK NUMBER
International Standard Book Number 1608820300 (pdf ebook)
020 ## - INTERNATIONAL STANDARD BOOK NUMBER
International Standard Book Number 1608820297
040 ## - CATALOGING SOURCE
Original cataloging agency DLC
Transcribing agency DLC
Modifying agency DLC
-- BTCTA
-- YDXCP
-- VP@
-- BWX
-- WIQ
-- QBX
-- DLC
042 ## - AUTHENTICATION CODE
Authentication code pcc
050 00 - LIBRARY OF CONGRESS CALL NUMBER
Classification number BF575.A5
Item number P87 2011
082 00 - DEWEY DECIMAL CLASSIFICATION NUMBER
Classification number 152.4/7
Edition information 22
092 ## - LOCALLY ASSIGNED DEWEY CALL NUMBER (OCLC)
Classification number 152.4 P87 2011
001 - CONTROL NUMBER
control field data
100 1# - MAIN ENTRY--PERSONAL NAME
Personal name Potter-Efron, Ronald T.
245 10 - TITLE STATEMENT
Title 30-minute therapy for anger :
Remainder of title everything you need to know in the least amount of time /
Statement of responsibility, etc. Ronald T. Potter-Efron & Patricia S. Potter-Efron.
246 3# - VARYING FORM OF TITLE
Title proper/short title Thirty-minute therapy for anger
260 ## - PUBLICATION, DISTRIBUTION, ETC.
Place of publication, distribution, etc. Oakland, CA :
Name of publisher, distributor, etc. New Harbinger Publications,
Date of publication, distribution, etc. c2011.
300 ## - PHYSICAL DESCRIPTION
Extent iv, 108 p. :
Other physical details ill. ;
Dimensions 18 cm.
504 ## - BIBLIOGRAPHY, ETC. NOTE
Bibliography, etc. note Includes bibliographical references.
650 #0 - SUBJECT ADDED ENTRY--TOPICAL TERM
Topical term or geographic name entry element Anger.
700 1# - ADDED ENTRY--PERSONAL NAME
Personal name Potter-Efron, Patricia S.
Holdings
Withdrawn status Lost status Damaged status Not for loan Home library Current library Shelving location Date acquired Total checkouts Full call number Barcode Date last seen Price effective from Koha item type
        Franklin Franklin General stacks 22/03/2026   152.4/7 22 BC0010633 22/03/2026 22/03/2026 Books